Большой ринг республики

Bibliographische Detailangaben
1. Verfasser: Аркадьев Д. А. Дэви Аркадьевич
Zusammenfassung:Исключено из фонда НТБ ТПУ
Sprache:Russisch
Veröffentlicht: Киев, Здоровья, 1986
Format: MixedMaterials Buch
KOHA link:https://koha.lib.tpu.ru/cgi-bin/koha/opac-detail.pl?biblionumber=127425

MARC

LEADER 00000nam0a2200000 4500
001 127425
005 20231031132239.0
035 |a (RuTPU)RU\TPU\book\137842 
090 |a 127425 
100 |a 20071214d1986 m y0rusy50 ca 
101 0 |a rus 
102 |a UA 
105 |a a z 000zy 
200 1 |a Большой ринг республики  |f Д. А. Аркадьев 
210 |a Киев  |c Здоровья  |d 1986 
215 |a 160 с.  |c ил. 
333 |a Исключено из фонда НТБ ТПУ 
700 1 |a Аркадьев  |b Д. А.  |g Дэви Аркадьевич 
801 1 |a RU  |b 63413507  |c 20071214  |g PSBO 
801 2 |a RU  |b 63413507  |c 20220616  |g RCR 
942 |c BK